000 00933nas a2200301 4500
001 BR2012000096
003 BR-BrBNA
005 20231205115936.0
007 ta
008 230509b bl.|||p| |||| 00| 00por d
040 _aBR-BrBNA
_bpor
_cBiblioteca Nacional de Agricultura
041 _a(Pt)
072 _aF30; L01
100 1 _aAlmeida, M.C. da C.
100 1 _aChiari, L.
100 1 _aJank, L.
100 1 _aValle, C.B. do
245 1 _aDiversidade genética molecular entre cultivares e híbridos de Brachiaria spp. e Panicum maximum
650 _aGRAMÍNEA FORRAGEIRA
650 _aMARCADOR MOLECULAR
650 _aMELHORAMENTO GENÉTICO VEGETAL
650 _aHÍBRIDO
650 _aGADO DE CORTE
650 _aPRODUÇÃO ANIMAL
773 0 _tCiência Rural (Brazil)
_xISSN 0103-8478
_g(Nov 2011), v. 41(11) p. 1998-2003
_wBR2012000096
909 _a202311
_bLúcia
_c55
_dLúcia Elande
942 _2AGRIS
_n0
_cANA
999 _c216401
_d216401